[Event "IND-chT (Women) 32nd"]
[Site "Panaji"]
[Date "2012.02.27"]
[Round "1"]
[White "Sukanya, Chari"]
[Black "Meenakshi, Subbaraman"]
[Result "0-1"]
[WhiteElo "1476"]
[BlackElo "2298"]
[PlyCount "96"]
[EventDate "2012.02.27"]
[EventType "team-swiss"]
[EventRounds "7"]
[EventCountry "IND"]
[SourceTitle "CBM 147 Extra"]
[Source "ChessBase"]
[SourceDate "2012.04.24"]
[SourceVersion "1"]
[SourceVersionDate "2012.04.24"]
[SourceQuality "1"]
[WhiteTeam "Goa Chess Asstn (W)"]
[BlackTeam "Air India (W)"]
[WhiteTeamCountry "IND"]
[BlackTeamCountry "IND"]

1. d4 d5 2. c4 dxc4 3. Nc3 Nf6 4. e3 e6 5. Bxc4 a6 6. Nf3 c5 7. 0-0 Nc6 8. dxc5 Qxd1 9. Rxd1 Bxc5 10. b3 b5 11. Bd3 Bb7 12. Bb2 0-0 13. Rac1 Be7 14. Ne4 Nb4 15. Nxf6+ Bxf6 16. Bxf6 Nxd3 17. Rxd3 gxf6 18. Nd4 Rfd8 19. Rdc3 Rd7 20. h3 Kg7 21. Rc7 Rad8 22. R7c3 f5 23. a3 Kf6 24. b4 e5 25. Ne2 Rd1+ 26. Kh2 Rxc1 27. Rxc1 Rd2 28. Re1 Ra2 29. f3 Rxa3 30. Nc1 Rc3 31. Kg1 Bd5 32. Rd1 Bc4 33. Kf2 Ke6 34. e4 f4 35. Kg1 a5 36. bxa5 b4 37. a6 Ra3 38. a7 Rxa7 39. Nd3 Bxd3 40. Rxd3 Rb7 41. Rb3 Kd6 42. Kf1 Kc5 43. Ke2 Kc4 44. Rb1 b3 45. Kd2 Rd7+ 46. Kc1 Kc3 47. Rb2 Rd1+ 48. Kxd1 Kxb2 0-1